Statistics for ben 10 aliens

Click here to take the quiz!

General Stats

  • This quiz has been taken 249 times
  • The average score is 8 of 12

Answer Stats

HintAnswer% Correct
2four arms
92%
1heatblast
92%
5grey matter
81%
3XLR8
74%
4wild mutt
72%
7stinkfly
70%
10ghostfreak
69%
12upgrade
68%
6ripjaws
63%
9cannonbolt
59%
11wildvine
54%
8diamandhead
4%

Score Distribution

Percentile by Number Answered

Percent of People with Each Score

Your Score History

You have not taken this quiz